000 00458nam a2200169 i 4500
001 79617
003 ES-MaACL
005 20230906174021.0
007 t|
008 041022s1969 sp |||| | spa d
080 _a821.134.2-14"19"
100 1 _aHernández, Rodolfo.
_962864
245 1 0 _aAscensión en un grito
_b: poema /
_cRodolfo Hernández.
260 _a[Valencia] :
_bPrometeo,
_c[1969]
300 _a92 p. ;
_c18 cm.
852 _aES-MaACL
_jC-35846
999 _c79617
_d79617